[Event "GER HS-237 email"]
[Site "GER email"]
[Date "2018.02.10"]
[Round "?"]
[White "Frotscher, Thomas"]
[Black "Rund, Hans Juergen"]
[Result "1/2-1/2"]
[WhiteElo "2013"]
[BlackElo "1936"]
[PlyCount "93"]
[EventDate "2018.02.19"]
[EventType "tourn (corr)"]
[EventRounds "6"]
[EventCountry "GER"]
[SourceTitle "Corr 2022"]
[Source "ChessBase"]
[SourceDate "2021.10.24"]
[SourceVersion "1"]
[SourceVersionDate "2021.10.24"]
[SourceQuality "1"]

1. c4 e5 2. g3 Nf6 3. Bg2 c6 4. Nf3 e4 5. Nd4 Qb6 6. Nb3 a5 7. d3 a4 8. N3d2 d5 9. cxd5 exd3 10. 0-0 cxd5 11. exd3 Nc6 12. Nc3 Qa5 13. a3 Be7 14. Ne2 0-0 15. b4 axb3 16. Nxb3 Qd8 17. Bb2 Re8 18. a4 Bg4 19. h3 Bxe2 20. Qxe2 Ba3 21. Qc2 Bxb2 22. Qxb2 Qb6 23. Rfb1 Qb4 24. Qa3 Qxa3 25. Rxa3 h6 26. Nc5 Na5 27. Raa1 Reb8 28. Rb6 Rc8 29. d4 Rc6 30. Rb5 Ra7 31. Kf1 b6 32. Nd3 Rc4 33. Rxb6 Rxd4 34. Nb2 Rd2 35. Rd1 Rxd1+ 36. Nxd1 Nd7 37. Rb5 Nc4 38. Bxd5 Rxa4 39. Rb7 Ncb6 40. Bc6 Rd4 41. Ne3 g6 42. Nd5 Nxd5 43. Rxd7 Rd1+ 44. Kg2 Nc3 45. Rxd1 Nxd1 46. Kf1 Nc3 47. Ke1 1/2-1/2

[Event "GER HS-237 email"]
[Site "GER email"]
[Date "2018.02.10"]
[Round "?"]
[White "Granz, Thomas"]
[Black "Rund, Hans Juergen"]
[Result "1/2-1/2"]
[WhiteElo "1901"]
[BlackElo "1936"]
[PlyCount "97"]
[EventDate "2018.02.19"]
[EventType "tourn (corr)"]
[EventRounds "6"]
[EventCountry "GER"]
[SourceTitle "Corr 2022"]
[Source "ChessBase"]
[SourceDate "2021.10.24"]
[SourceVersion "1"]
[SourceVersionDate "2021.10.24"]
[SourceQuality "1"]

1. d4 Nf6 2. c4 e6 3. Nf3 b6 4. Nc3 Bb7 5. a3 d5 6. Bf4 Bd6 7. Bxd6 Qxd6 8. cxd5 exd5 9. e3 0-0 10. Be2 c6 11. 0-0 Nbd7 12. Qc2 g6 13. Rfd1 Rfc8 14. Rac1 a5 15. Ng5 Re8 16. Nf3 Ba6 17. Bxa6 Rxa6 18. Ne2 Rc8 19. Nf4 Ra7 20. a4 Kg7 21. b3 Nb8 22. h4 Na6 23. Qe2 Nb4 24. h5 Rac7 25. Ne5 c5 26. Qf3 g5 27. Ne2 Qe6 28. Ng3 h6 29. Qf5 Kf8 30. Qb1 cxd4 31. Rxc7 Rxc7 32. exd4 Qc8 33. Rf1 Rc2 34. Qd1 Rc3 35. Ne2 Rc7 36. f4 g4 37. f5 Rc2 38. Qe1 Ne4 39. Ng3 Qc3 40. Nxe4 Qxd4+ 41. Nf2 g3 42. Nd7+ Kg7 43. f6+ Kh7 44. Nf8+ Kg8 45. Ng6 gxf2+ 46. Rxf2 Kh7 47. Nf8+ Kg8 48. Ng6 Kh7 49. Nf8+ 1/2-1/2

[Event "GER HS-237 email"]
[Site "GER email"]
[Date "2018.02.10"]
[Round "?"]
[White "Lemke, Burghard"]
[Black "Rund, Hans Juergen"]
[Result "1/2-1/2"]
[WhiteElo "1955"]
[BlackElo "1936"]
[PlyCount "75"]
[EventDate "2018.02.19"]
[EventType "tourn (corr)"]
[EventRounds "6"]
[EventCountry "GER"]
[SourceTitle "Corr 2022"]
[Source "ChessBase"]
[SourceDate "2021.10.24"]
[SourceVersion "1"]
[SourceVersionDate "2021.10.24"]
[SourceQuality "1"]

1. e4 c6 2. d4 d5 3. e5 Bf5 4. Nf3 e6 5. Be2 Ne7 6. c3 Bg6 7. 0-0 Nf5 8. Qb3 Qc7 9. g4 Ne7 10. Nh4 c5 11. Be3 Nec6 12. Nd2 Nd7 13. f4 Be7 14. Nxg6 hxg6 15. Nf3 0-0-0 16. Kg2 g5 17. fxg5 f6 18. exf6 gxf6 19. Bb5 f5 20. h3 fxg4 21. hxg4 Bd6 22. Rh1 Bf4 23. Bf2 Bxg5 24. Bxc6 bxc6 25. Qa4 Bf4 26. Rae1 Rhg8 27. Rxe6 Rxg4+ 28. Kf1 Nb8 29. dxc5 Qf7 30. Re2 Rdg8 31. Qc2 Bg3 32. Ne5 Bxe5 33. Rxe5 Rf8 34. Rh7 Qf4 35. Ree7 Nd7 36. Rxd7 Qc4+ 37. Qe2 Rxf2+ 38. Kxf2 1/2-1/2

[Event "GER HS-237 email"]
[Site "GER email"]
[Date "2018.02.10"]
[Round "?"]
[White "Rund, Hans Juergen"]
[Black "Bermueller, Nadine"]
[Result "1/2-1/2"]
[WhiteElo "1936"]
[BlackElo "2067"]
[PlyCount "96"]
[EventDate "2018.02.19"]
[EventType "tourn (corr)"]
[EventRounds "6"]
[EventCountry "GER"]
[SourceTitle "Corr 2022"]
[Source "ChessBase"]
[SourceDate "2021.10.24"]
[SourceVersion "1"]
[SourceVersionDate "2021.10.24"]
[SourceQuality "1"]

1. Nf3 c5 2. c4 Nc6 3. d4 cxd4 4. Nxd4 Nf6 5. g3 e5 6. Nb5 Bb4+ 7. N1c3 d6 8. a3 Bxc3+ 9. Nxc3 Be6 10. Bg5 Bxc4 11. Bxf6 gxf6 12. Qa4 Be6 13. Bg2 Kf8 14. e3 h5 15. h4 Ne7 16. 0-0 Qb6 17. Qb4 d5 18. Qxb6 axb6 19. Rfd1 Rd8 20. Rd3 Rh6 21. Rad1 f5 22. R3d2 Kg7 23. f4 Rg6 24. Kf2 e4 25. Bf1 Kh6 26. Be2 Rgg8 27. Bc4 Rd6 28. Nb5 Rd7 29. Be2 Nc6 30. Rc1 Rc8 31. Rc3 Rdd8 32. Rdc2 Kg6 33. Rc1 f6 34. R3c2 d4 35. exd4 Bb3 36. Rd2 Rd5 37. Ke3 Rcd8 38. Rb1 Kh6 39. Rc1 Rg8 40. Rg1 Ne7 41. Nc3 Ra5 42. Kf2 Kg6 43. Bd1 Be6 44. Be2 Rc8 45. Ra1 Bb3 46. Bb5 Nd5 47. Nxd5 Bxd5 48. a4 Raa8 1/2-1/2

[Event "GER HS-237 email"]
[Site "GER email"]
[Date "2018.02.10"]
[Round "?"]
[White "Rund, Hans Juergen"]
[Black "Nitschke, Norbert"]
[Result "1-0"]
[WhiteElo "1936"]
[BlackElo "2018"]
[PlyCount "133"]
[EventDate "2018.02.19"]
[EventType "tourn (corr)"]
[EventRounds "6"]
[EventCountry "GER"]
[SourceTitle "Corr 2022"]
[Source "ChessBase"]
[SourceDate "2021.10.24"]
[SourceVersion "1"]
[SourceVersionDate "2021.10.24"]
[SourceQuality "1"]

1. Nf3 Nf6 2. c4 c5 3. Nc3 e6 4. g3 Nc6 5. Bg2 Qb6 6. b3 d5 7. cxd5 Nxd5 8. Na4 Qa6 9. Bb2 b5 10. Nc3 Nxc3 11. Bxc3 Bb7 12. a3 Nd4 13. 0-0 Nxf3+ 14. Bxf3 f6 15. Bh5+ Ke7 16. e4 Rd8 17. b4 g6 18. Bf3 Kf7 19. bxc5 Bxc5 20. d4 Rhf8 21. Qd2 Kg8 22. Rfd1 Rf7 23. Qe3 Bf8 24. d5 exd5 25. exd5 Rfd7 26. Rac1 Bxa3 27. Ra1 Qd6 28. Bg4 Bc5 29. Be6+ Kg7 30. Qf3 Qe7 31. Bxd7 Rxd7 32. Rac1 Bb6 33. Rb1 a6 34. Re1 Qf7 35. Bxf6+ Kg8 36. Rbd1 Rxd5 37. Rxd5 Qxd5 38. Qxd5+ Bxd5 39. Rd1 Be4 40. Rd6 Bc5 41. Rxa6 Kf7 42. Bg5 Bd3 43. Rc6 Bf8 44. Rc7+ Ke6 45. Rxh7 Bb4 46. Kg2 Bc4 47. Kf3 Bd5+ 48. Ke2 Bc4+ 49. Kd1 Bb3+ 50. Kc1 Bd5 51. Ra7 Be4 52. Kb2 Bc5 53. Ra6+ Kd5 54. Be3 Bd6 55. Kb3 Bf5 56. Bd2 Bc8 57. Rb6 Be6 58. Rxb5+ Kc6+ 59. Ka4 Bf5 60. Be3 Bc2+ 61. Ka5 Bd3 62. Rb2 Bf5 63. Ka4 Be7 64. Rb6+ Kd5 65. Kb3 Bd8 66. Ra6 Bd3 67. Ra7 1-0